=LDR 00000nam 2200000 4500 =001 INLIS000000000038120 =005 20130612143815 =008 ***********************************IND** =035 ##$$a0010-061300000038120 =041 ##$$a IND =082 ##$$a 813 =090 ##$$a 813, Kis n =100 ##$$a Kiss, Archangel's =245 ##$$a Nalini Singh, Archangel's Kiss =260 ##$$a 2011 $b Jakarta =650 ##$$a Novel =850 ##$$a NBPNMAT =990 ##$$a 94078/BPAP-NTB/2014 =990 ##$$a 21195017/BPAP-NTB/2014 =990 ##$$a 21111608 =990 ##$$a 94078/BPAP-NTB/2014